000
00261nam a22001217a 4500
041
_a
ENG
100
_a
Mutreja.K.N
245
_a
Applied Hydrology
260
_a
New Delhi
_b
Tata McGraw Hill
_c
1990
300
_a
959
650
_a
SWCE ( 24 )
856
_u
SWCE ( 24 )
999
_c
2890
_d
2890